<?xml version="1.0" encoding="UTF-8"?>
<record
    xmlns:xsi="http://www.w3.org/2001/XMLSchema-instance"
    xsi:schemaLocation="http://www.loc.gov/MARC21/slim http://www.loc.gov/standards/marcxml/schema/MARC21slim.xsd"
    xmlns="http://www.loc.gov/MARC21/slim">

  <leader>03866nam a22004098i 4500</leader>
  <controlfield tag="001">BRILL9789004504615</controlfield>
  <controlfield tag="003">nllekb</controlfield>
  <controlfield tag="005">20260415154324.0</controlfield>
  <controlfield tag="006">m        d        </controlfield>
  <controlfield tag="007">cr un    uuuua</controlfield>
  <controlfield tag="008">230524s2023    gw      sb    001 0 eng d</controlfield>
  <datafield tag="020" ind1=" " ind2=" ">
    <subfield code="a">9789004504615</subfield>
    <subfield code="q">(electronic book)</subfield>
  </datafield>
  <datafield tag="020" ind1=" " ind2=" ">
    <subfield code="z">9789004504608</subfield>
    <subfield code="q">(print)</subfield>
  </datafield>
  <datafield tag="024" ind1="7" ind2=" ">
    <subfield code="a">10.1163/9789004504615</subfield>
    <subfield code="2">DOI</subfield>
  </datafield>
  <datafield tag="040" ind1=" " ind2=" ">
    <subfield code="a">NL-LeKB</subfield>
    <subfield code="c">NL-LeKB</subfield>
    <subfield code="e">rda</subfield>
  </datafield>
  <datafield tag="041" ind1=" " ind2=" ">
    <subfield code="a">eng</subfield>
  </datafield>
  <datafield tag="050" ind1=" " ind2="4">
    <subfield code="a">AM7</subfield>
  </datafield>
  <datafield tag="072" ind1=" " ind2="7">
    <subfield code="a">PDX</subfield>
    <subfield code="2">bicssc</subfield>
  </datafield>
  <datafield tag="072" ind1=" " ind2="7">
    <subfield code="a">SCI</subfield>
    <subfield code="x">034000</subfield>
    <subfield code="2">bisacsh</subfield>
  </datafield>
  <datafield tag="082" ind1="0" ind2="4">
    <subfield code="a">069</subfield>
    <subfield code="2">23</subfield>
  </datafield>
  <datafield tag="100" ind1="1" ind2=" ">
    <subfield code="a">Gauvin, Jean-Fran&#xE7;ois,</subfield>
    <subfield code="e">author.</subfield>
  </datafield>
  <datafield tag="245" ind1="1" ind2="0">
    <subfield code="a">Instruments of Knowledge :</subfield>
    <subfield code="b">Finding Meaning in Objects, Habits, and Museums /</subfield>
    <subfield code="c">Jean-Fran&#xE7;ois Gauvin.</subfield>
  </datafield>
  <datafield tag="246" ind1="3" ind2=" ">
    <subfield code="a">Finding Meaning in Objects, Habits, and Museums</subfield>
  </datafield>
  <datafield tag="300" ind1=" " ind2=" ">
    <subfield code="a">1 online resource (288 pages) :</subfield>
    <subfield code="b">illustrations.</subfield>
  </datafield>
  <datafield tag="490" ind1="1" ind2=" ">
    <subfield code="a">Nuncius Series ;</subfield>
    <subfield code="v">12</subfield>
  </datafield>
  <datafield tag="504" ind1=" " ind2=" ">
    <subfield code="a">Includes bibliographical references and index.</subfield>
  </datafield>
  <datafield tag="505" ind1="0" ind2=" ">
    <subfield code="t">Acknowledgments -- List of Illustrations -- Introduction -- 1 A Short Case Study: The Early Acad&#xE9;mie royale des sciences in Paris -- 2 Reading This Book -- Part 1: Organum -- Introduction -- 1 Quid organum erat? The Idea of Instrument in Early Modern Europe -- 1 Organum scientiae: Definitions and Examples -- 2 Organ-ization of Knowledge -- 2 Organ Making and Natural Philosophical Knowledge in Marin Mersenne's Harmonie Universelle -- 1 Mersenne's Seven Books on Instruments in the Harmonie universelle -- 2 The Organ and Mersenne's Epistemology of Natural Philosophical Knowledge -- 3 Musical Instruments and the 'parfait musicien' -- Part 2: Habitus -- Introduction -- 3 Habitus in corpore, habitus in anima: Making and Thinking in Early Modern Europe -- 1 Defining habitus in Early Modern Europe -- 2 Habitus and Descartes's Logic of Practice -- 3 Habitus and the Concept of Knowledge Production -- 4 Blaise Pascal, coutume, and the Arithmetical Machine -- 4 From idiotae to artistes: Artisans, Instruments, and the Nature of Craftsmanship in Early Modern Europe -- 1 Descartes, Artisans, and &#xE2;mes r&#xE9;gl&#xE9;es -- 2 Who Assists Whom: The Structural Dynamic of Artisan and Savant Interactions -- 3 From artiste to Toyware Manufacturing -- Part 3: Museum -- Introduction -- 5 Repair, Restoration, Exhibition: Instruments and the Epistemic Value of Brokenness -- 1 Restorer v. Conservator: How to 'Repair' Damaged Instruments? -- 2 Reconstruction and Restoration: Abb&#xE9; Nollet's Scientific Instruments -- 3 Identity, Integrity, Authenticity: Between the Unit of the Total and the Unit of the Whole -- 4 Reuse and Recycle: Exhibiting the DIY of Scientists and Craftsmen -- 6 Instrument Trajectories: Ways of Knowing the World -- 1 Collecting Instruments -- 2 Knowing Through Playing -- 3 Digitizing Collections -- Epilogue -- Bibliography -- Index.</subfield>
  </datafield>
  <datafield tag="520" ind1=" " ind2=" ">
    <subfield code="a">In a bid to claim 'scientific objects' as requiring a significant amount of conceptual labor, this book looks sequentially at instruments, habits, and museums. The goal is to uncover how, together, these material and immaterial activities, rules, and commitments form one meaningful and credible blueprint revealing the building blocks of knowledge production. They serve to conceptualize and examine the entire life of an instrument: from its ideation and craft to its use, reuse, circulation, recycling, and (if not obliterated) its final entry into a museum. It is such an epistemological triptych that guides this investigation.</subfield>
  </datafield>
  <datafield tag="546" ind1=" " ind2=" ">
    <subfield code="a">English</subfield>
  </datafield>
  <datafield tag="650" ind1=" " ind2="0">
    <subfield code="a">Museum techniques.</subfield>
  </datafield>
  <datafield tag="650" ind1=" " ind2="0">
    <subfield code="a">Museums</subfield>
    <subfield code="x">Philosophy.</subfield>
  </datafield>
  <datafield tag="650" ind1=" " ind2="0">
    <subfield code="a">Museums</subfield>
    <subfield code="x">Social aspects.</subfield>
  </datafield>
  <datafield tag="776" ind1="0" ind2="8">
    <subfield code="i">Print version:</subfield>
    <subfield code="t">Instruments of Knowledge : Finding Meaning in Objects, Habits, and Museums.</subfield>
    <subfield code="d">Leiden ; Boston : Brill, 2023.</subfield>
    <subfield code="z">9789004504608</subfield>
  </datafield>
  <datafield tag="830" ind1=" " ind2="0">
    <subfield code="a">Nuncius Series ;</subfield>
    <subfield code="v">12.</subfield>
  </datafield>
  <datafield tag="856" ind1="4" ind2=" ">
    <subfield code="u">http://dx.doi.org/10.1163/9789004504615</subfield>
  </datafield>
  <datafield tag="942" ind1=" " ind2=" ">
    <subfield code="2">ddc</subfield>
    <subfield code="c">E-BOOK</subfield>
  </datafield>
  <datafield tag="999" ind1=" " ind2=" ">
    <subfield code="c">49424</subfield>
    <subfield code="d">49424</subfield>
  </datafield>
  <datafield tag="952" ind1=" " ind2=" ">
    <subfield code="r">2026-04-15 11:21:00</subfield>
    <subfield code="l">0</subfield>
    <subfield code="o">069</subfield>
    <subfield code="p">EB04532</subfield>
    <subfield code="u">https://doi.org/10.1163/9789004504615</subfield>
    <subfield code="w">2026-04-15</subfield>
    <subfield code="y">E-BOOK</subfield>
    <subfield code="1">0</subfield>
    <subfield code="2">ddc</subfield>
    <subfield code="4">0</subfield>
    <subfield code="7">0</subfield>
    <subfield code="0">0</subfield>
    <subfield code="a">CUTN</subfield>
    <subfield code="b">CUTN</subfield>
    <subfield code="d">2026-04-15</subfield>
  </datafield>
</record>
